|
|
|
|
| LEADER |
01711cas a2200241 a 4500 |
| 001 |
AALejournalIMF008487 |
| 008 |
230101c9999 xx r poo 0 0eng d |
| 020 |
|
|
|c 5.00 USD
|
| 020 |
|
|
|z 9781451971064
|
| 022 |
|
|
|a 1018-5941
|
| 040 |
|
|
|a BD-DhAAL
|c BD-DhAAL
|
| 100 |
1 |
|
|a Lahiri, Ashok.
|
| 245 |
1 |
0 |
|a Yugoslav Inflation and Money /
|c Ashok Lahiri.
|
| 264 |
|
1 |
|a Washington, D.C. :
|b International Monetary Fund,
|c 1991.
|
| 300 |
|
|
|a 1 online resource (46 pages)
|
| 490 |
1 |
|
|a IMF Working Papers
|
| 500 |
|
|
|a <strong>Off-Campus Access:</strong> No User ID or Password Required
|
| 500 |
|
|
|a <strong>On-Campus Access:</strong> No User ID or Password Required
|
| 506 |
|
|
|a Electronic access restricted to authorized BRAC University faculty, staff and students
|
| 520 |
3 |
|
|a Yugoslav inflation unfolded as a classic wage-price-exchange rate spiral through the 1970s and 1980s and exploded into hyperinflation in the last quarter of 1989. This paper examines the process of monetary accommodation of inflation, the behavior of demand for money, and the interaction between the two in Yugoslavia. The asset-liability structure of the Central Bank, together with the policy stance on exchange and interest rates, led to a significant feedback from inflation to money supply. Real money balances are found to have been cointegrated with other economic variables despite their explosive and seasonal nature, and hence in long-run equilibrium relationship as economic theory would suggest.
|
| 538 |
|
|
|a Mode of access: Internet
|
| 830 |
|
0 |
|a IMF Working Papers; Working Paper ;
|v No. 1991/050
|
| 856 |
4 |
0 |
|z Full text available on IMF
|u http://elibrary.imf.org/view/journals/001/1991/050/001.1991.issue-050-en.xml
|z IMF e-Library
|